| 000 | 00799nam a2200205 a 4500 | ||
|---|---|---|---|
| 003 | 0 | ||
| 005 | 20250415151329.0 | ||
| 008 | 970101s19uu xx 00 eng d | ||
| 050 |
_aPGS HQ 777.5 _b.C261 2004 |
||
| 100 | _aCarandang, Christine Mae S. | ||
| 245 |
_aThe effects of having separated parents on the grade six students / _cChristine Mae S. Carandang. |
||
| 260 |
_aLas PiƱas City, Philippines : _bSouthville International School and Colleges, _c2004. |
||
| 300 |
_a20 pages : _billustrations ; _c28 cm. |
||
| 504 | _aIncludes bibliographical references. | ||
| 650 | _aChildren of separated parents. | ||
| 650 |
_aChildren _vPsychology _vDivorce effects. |
||
| 650 |
_aAcademic performance _vFamily disruption. |
||
| 650 |
_aSeparation anxiety _vSchool children. |
||
| 942 |
_2lcc _cPASS |
||
| 999 |
_c96960 _d96960 |
||